Presidentes do Brasil por Eventos Hitóricos - Statistics

Estatísticas Gerais
  • Esse quiz foi jogado 751 vezes
  • A pontuação média é 13 de 20
Estatísticas das Respostas
Fato Resposta % Correto
Revolução Constitucionalista Getúlio Vargas
94%
Introdução do Bolsa Família Luiz Inácio Lula da Silva
94%
Confisco das poupanças Fernando Collor
88%
Construção de Brasília Juscelino Kubitschek
88%
Início do Plano Real Itamar Franco
79%
Promulgação da Constituição de 1988 José Sarney
79%
Milagre Brasileiro Emílio Garrastazu Médici
76%
Promulgação do AI-5 Artur da Costa e Silva
74%
Revogação dos Atos Institucionais (AI) Ernesto Geisel
66%
Crise do Apagão Fernando Henrique Cardoso
64%
Implantação do Bipartidarismo Humberto de Alencar Castelo Branco
64%
Criação do Estado de Rondônia João Baptista Figueiredo
58%
Plano Trienal João Goulart
56%
Proibição dos Jogos de Azar Eurico Gaspar Dutra
55%
Intervenção federal no Rio de Janeiro Michel Temer
53%
Revolta da Chibata Hermes da Fonseca
48%
Primeira Guerra Mundial Venceslau Brás
44%
Revolta da Vacina Rodrigues Alves
43%
Estabelecimento da Política dos Governadores Manuel Ferraz de Campos Sales
38%
Levante do Forte de Copacabana Epitácio Pessoa
35%
Nenhum quiz correspondente encontrado
Distribuição das Pontuações
Porcentagem de Pessoas com Cada Pontuação
Percentil de Números Respondidos
Sua Pontuação Histórica
Você não jogou esse quiz